| 000 | 00753cem a22002175a 4500 | ||
|---|---|---|---|
| 001 | L140363 | ||
| 008 | 070919r19711812xxk a 0 f eng u | ||
| 035 | _a(Sirsi) u140363 | ||
| 041 | 0 | _aeng | |
| 110 | 2 |
_aLondon Topographical Society _9106 |
|
| 245 | 0 | 0 |
_aLangley and Belch's new map of London _b 1812 _h[cartographic material] |
| 250 | _aFacsim. | ||
| 255 | _aScale 1:16896 | ||
| 260 |
_aLondon _bLondon Topographical Society _c1971 |
||
| 300 |
_a1 map _bcol. _c52 x 77 cm |
||
| 500 | _aReproduced by courtesy of the Guildhall Library | ||
| 500 | _aThe top and bottom borders show engravings of London buildings. | ||
| 651 | 4 | _aLondon | |
| 690 | _aENVIRONMENTAL AND LAND CONSULTANCY-GEOMATICS-MAPPING AND POSITIONING-CARTOGRAPHY | ||
| 942 | _n0 | ||
| 999 |
_c116851 _d116851 |
||